| 000 | 00800nam a2200241 a 4500 | ||
|---|---|---|---|
| 005 | 20230530063547.0 | ||
| 008 | 991125s1997 mx 000 0 spa u | ||
| 020 | _a9686898719 | ||
| 035 | _aUPN01000000002 | ||
| 040 |
_aUPN _bspa _cUPN |
||
| 049 | _aCG | ||
| 050 | 4 |
_aLB1719 M6 _bC3.9 |
|
| 100 | 1 |
_aCantón Arjona, Valentina, _d1952- _928646 |
|
| 245 | 1 | 0 |
_a1 + 1 + 1 no es igual a 3 : _buna propuesta de formación de docentes a partir del reconocimiento del particular / _cValentina Cantón Arjona. |
| 260 |
_aMéxico : _bUPN, _c1997. |
||
| 300 | _a170 p. | ||
| 440 | 0 |
_aTextos ; _v6 |
|
| 590 | _aBibliografía Básica 2013 | ||
| 590 | _aTambién localizas un ejemplar en el "Área de Reserva" | ||
| 650 | 4 |
_aMaestros _xFormación profesional _zMéxico _9796 |
|
| 905 | _aLibro | ||
| 942 |
_2lcc _cLIBRO |
||
| 999 |
_c2 _d2 |
||